| 000 | 00648nam a22002417a 4500 | ||
|---|---|---|---|
| 999 |
_c6533 _d6533 |
||
| 001 | 6533 | ||
| 003 | BD-JhCC | ||
| 005 | 20180125172724.0 | ||
| 008 | 180124b xxu||||| |||| 00| 0 eng d | ||
| 020 | _a0813304954 | ||
| 035 | _a(BD-JhCC)6533 | ||
| 040 |
_aBD-JhCC _dBD-JhCC |
||
| 041 | _aeng | ||
| 082 |
_a320.973 _bREM 1989 |
||
| 245 |
_aRemaking American Politics / _cedited by Richard A. Harris, Sidney M. Milkis |
||
| 260 |
_aLondon : _bWestview Press, _c1989. |
||
| 300 |
_a334 p. : _c25 cm. |
||
| 650 | _apolitical participation | ||
| 700 | _aHarris, Richard A. | ||
| 700 | _aMilkis, Sidney M. | ||
| 942 |
_2ddc _cBK |
||